000 00325nam a2200133Ia 4500
005 20260326100040.0
008 260326s9999||||xx |||||||||||||| ||und||
100 _aHenn, Walter
245 0 _aHenn Industriebau /
_cWalter Henn
260 _bGeorg D.W. Callwey
300 _a372 p.
650 _aARQUITECTURA CIVIL
942 _cBK
999 _c6959
_d6959